[Event "CZE-chT1E 0809"]
[Site "Czech Republic"]
[Date "2009.03.01"]
[Round "9.7"]
[White "Jankovec, Ivan"]
[Black "Mazoch, Jiri"]
[Result "1/2-1/2"]
[WhiteElo "2198"]
[BlackElo "2129"]
[PlyCount "155"]
[EventDate "2008.11.08"]
[EventType "team-tourn"]
[EventRounds "11"]
[EventCountry "CZE"]
[SourceTitle "EXT 2010"]
[Source "ChessBase"]
[SourceDate "2010.11.25"]
[SourceVersion "1"]
[SourceVersionDate "2010.11.25"]
[SourceQuality "1"]
[WhiteTeam "Karvina"]
[BlackTeam "Kromeriz "]
[WhiteTeamCountry "CZE"]
[BlackTeamCountry "CZE"]

1. d4 d5 2. Nf3 Nf6 3. c4 c6 4. Nc3 e6 5. Bg5 dxc4 6. a4 Bb4 7. Qc2 Qa5 8. Bd2 Nbd7 9. g3 e5 10. dxe5 Nxe5 11. Nxe5 Qxe5 12. Bg2 Bf5 13. Qc1 0-0 14. 0-0 Rfe8 15. e4 Bd7 16. f4 Qh5 17. e5 Bc5+ 18. Kh1 Ng4 19. h4 Bf2 20. Be1 Bxe1 21. Qxe1 f6 22. Qe4 fxe5 23. f5 Nf6 24. Qxc4+ Kh8 25. Ne4 Bxf5 26. Ng5 Bg6 27. Bf3 Qh6 28. Rae1 Re7 29. Qc5 Rae8 30. Qxa7 Bd3 31. Be2 Bxe2 32. Rxe2 Qg6 33. Kg2 h6 34. Nh3 Qd3 35. Rfe1 Qd5+ 36. Kg1 c5 37. Qa5 Qd4+ 38. Kg2 Nh5 39. Nf2 e4 40. Qc3 Qxa4 41. Qxc5 Nf6 42. Re3 Re5 43. Qa3 Qd4 44. Qc3 Qd5 45. Kg1 R5e6 46. Qb4 b6 47. Rd1 Qf5 48. Qd4 h5 49. Rde1 b5 50. R1e2 Re5 51. Kg2 Rd5 52. Qb4 Rde5 53. Qd4 R5e6 54. Kg1 Rf8 55. Kh2 Re5 56. Kg1 Rd5 57. Qb4 Ng4 58. Nxg4 Qf1+ 59. Kh2 hxg4 60. Qe1 Qh3+ 61. Kg1 Rdf5 62. Rg2 Rf3 63. Rxe4 Rf1+ 64. Qxf1 Rxf1+ 65. Kxf1 Qh1+ 66. Kf2 Qd1 67. Re2 Kh7 68. Rg1 Qd4+ 69. Kg2 b4 70. Rge1 Qd5+ 71. Kh2 Qd4 72. Kg2 Kh6 73. Kh2 Qd3 74. Re3 Qd4 75. R1e2 Qc4 76. Kg2 Qd5+ 77. Kh2 b3 78. Kg1 1/2-1/2

[Event "CZE-chT1E 0809"]
[Site "Czech Republic"]
[Date "2008.11.29"]
[Round "4.6"]
[White "Splichal, Stanislav"]
[Black "Mazoch, Jiri"]
[Result "1-0"]
[WhiteElo "2216"]
[BlackElo "2129"]
[PlyCount "89"]
[EventDate "2008.11.08"]
[EventType "team-tourn"]
[EventRounds "11"]
[EventCountry "CZE"]
[SourceTitle "EXT 2010"]
[Source "ChessBase"]
[SourceDate "2010.11.25"]
[SourceVersion "1"]
[SourceVersionDate "2010.11.25"]
[SourceQuality "1"]
[WhiteTeam "Ostrava Mittal"]
[BlackTeam "Kromeriz "]
[WhiteTeamCountry "CZE"]
[BlackTeamCountry "CZE"]

1. d4 d5 2. Nf3 Nf6 3. c4 c6 4. e3 Bf5 5. Bd3 Bxd3 6. Qxd3 e6 7. 0-0 Be7 8. Nc3 Nbd7 9. e4 dxe4 10. Nxe4 Nxe4 11. Qxe4 0-0 12. Bf4 Nf6 13. Qe2 Re8 14. Rfd1 h6 15. Ne5 Qb6 16. Rd3 Nh7 17. Qh5 Rf8 18. Bxh6 gxh6 19. Qxh6 Bg5 20. Rg3 f6 21. Qg6+ Kh8 22. Nf7+ Rxf7 23. Qxf7 Rf8 24. Qxe6 Qxd4 25. Qe2 Rd8 26. Re1 Qe5 27. Qxe5 fxe5 28. Rg4 c5 29. h4 Bf6 30. Re3 Rd4 31. Reg3 Rxg4 32. Rxg4 Nf8 33. g3 Kh7 34. h5 Kh6 35. f3 Kxh5 36. Rg8 Nd7 37. Ra8 Nb6 38. Rf8 Kg6 39. b3 Nd7 40. Ra8 a6 41. Ra7 Bd8 42. Rxb7 Nb6 43. Ra7 a5 44. Rxa5 Nxc4 45. Ra8 1-0

[Event "CZE-chT1E 0809"]
[Site "Czech Republic"]
[Date "2008.11.16"]
[Round "3.6"]
[White "Mazoch, Jiri"]
[Black "Smistik, Milan"]
[Result "0-1"]
[WhiteElo "2129"]
[BlackElo "2311"]
[PlyCount "116"]
[EventDate "2008.11.08"]
[EventType "team-tourn"]
[EventRounds "11"]
[EventCountry "CZE"]
[SourceTitle "EXT 2010"]
[Source "ChessBase"]
[SourceDate "2010.11.25"]
[SourceVersion "1"]
[SourceVersionDate "2010.11.25"]
[SourceQuality "1"]
[WhiteTeam "Kromeriz "]
[BlackTeam "Zakrany"]
[WhiteTeamCountry "CZE"]
[BlackTeamCountry "CZE"]

1. d4 d5 2. c4 c6 3. Nf3 Nf6 4. e3 Bg4 5. Nbd2 Nbd7 6. Qb3 Qb6 7. Be2 e6 8. h3 Bh5 9. 0-0 Be7 10. Qxb6 axb6 11. b3 Ne4 12. Bd3 f5 13. Ne5 Nxe5 14. dxe5 0-0 15. f3 Ng3 16. Rd1 Bc5 17. Kh2 Bxe3 18. Kxg3 Bd4 19. Rb1 Rxa2 20. Re1 Rd8 21. Re2 Bc3 22. cxd5 Rxd5 23. Nc4 Rxe2 24. Bxe2 c5 25. Nb2 f4+ 26. Kf2 Bxe5 27. Ra1 Bg6 28. b4 Bc3 29. Ra8+ Kf7 30. Nd1 Be5 31. Ke1 Bc2 32. Bd2 g5 33. Nf2 Bd4 34. Ra7 Bb1 35. Ra3 Bxf2+ 36. Kxf2 Rxd2 37. Ke1 Rd7 38. Rc3 Kf6 39. Rb3 Bf5 40. Ra3 Rd4 41. Rb3 e5 42. Kf2 Be6 43. Rb2 h5 44. Ke1 Bd5 45. Kf2 g4 46. fxg4 h4 47. Kf1 e4 48. Kf2 Bc4 49. Ke1 Ke5 50. Kf2 b5 51. Ke1 Rd8 52. Rc2 Bd5 53. Bf1 Ra8 54. Rc1 Ra2 55. Be2 Rb2 56. g5 Rxb4 57. Bg4 Rb2 58. Kf1 e3 0-1

[Event "CZE-chT1E 0809"]
[Site "Czech Republic"]
[Date "2008.11.02"]
[Round "2.6"]
[White "Lahner, Jakub"]
[Black "Mazoch, Jiri"]
[Result "1/2-1/2"]
[WhiteElo "2294"]
[BlackElo "2129"]
[PlyCount "79"]
[EventDate "2008.11.08"]
[EventType "team-tourn"]
[EventRounds "11"]
[EventCountry "CZE"]
[SourceTitle "EXT 2010"]
[Source "ChessBase"]
[SourceDate "2010.11.25"]
[SourceVersion "1"]
[SourceVersionDate "2010.11.25"]
[SourceQuality "1"]
[WhiteTeam "Brno Duras"]
[BlackTeam "Kromeriz "]
[WhiteTeamCountry "CZE"]
[BlackTeamCountry "CZE"]

1. d4 d5 2. c4 c6 3. Nf3 Nf6 4. Nc3 e6 5. Bg5 dxc4 6. e4 b5 7. e5 h6 8. Bh4 g5 9. exf6 gxh4 10. Ne5 Qxf6 11. g3 Nd7 12. Qe2 Bb4 13. Bg2 Bb7 14. 0-0 Bxc3 15. bxc3 Nxe5 16. dxe5 Qe7 17. Qe3 hxg3 18. fxg3 c5 19. Bxb7 Qxb7 20. Rad1 h5 21. Qg5 Qe7 22. Qg7 Rf8 23. Qh7 Rd8 24. Qxh5 Rd3 25. Rxd3 cxd3 26. Qf3 Qd7 27. c4 Qd4+ 28. Kh1 bxc4 29. Qa8+ Qd8 30. Qxa7 Qd5+ 31. Kg1 Qd4+ 32. Kg2 Qe4+ 33. Kg1 Qd4+ 34. Kg2 d2 35. Qa3 Ke7 36. Qa7+ Ke8 37. Qa8+ Ke7 38. Qa7+ Kd8 39. Qb8+ Ke7 40. Qa7+ 1/2-1/2

[Event "Ricany op-A"]
[Site "Ricany"]
[Date "2006.08.30"]
[Round "7"]
[White "Vojta, Tomas"]
[Black "Mazoch, Jiri"]
[Result "1-0"]
[WhiteElo "2303"]
[BlackElo "2090"]
[PlyCount "116"]
[EventDate "2006.08.24"]
[EventType "swiss"]
[EventRounds "9"]
[EventCountry "CZE"]
[SourceTitle "EXT 2007"]
[Source "ChessBase"]
[SourceDate "2006.11.23"]
[SourceVersion "1"]
[SourceVersionDate "2006.11.23"]
[SourceQuality "1"]

1. e4 c5 2. f4 d5 3. exd5 Nf6 4. Nc3 Nxd5 5. Nf3 Nc6 6. Bb5 Bg4 7. h3 Nxc3 8. bxc3 Bd7 9. 0-0 e6 10. Qe2 Bd6 11. Ne5 0-0 12. Bxc6 bxc6 13. d3 Rb8 14. c4 Be8 15. Bd2 Qc7 16. g3 f6 17. Nf3 Bd7 18. Kg2 Rfe8 19. Bc3 Rb7 20. Qf2 Bc8 21. Rae1 Qd8 22. Nd2 Bf8 23. Ne4 Qe7 24. Re2 Bd7 25. Rfe1 Reb8 26. Nd2 Rb6 27. a4 Qd6 28. Kh2 Bc8 29. Ne4 Qe7 30. g4 h6 31. Qg3 Kh7 32. g5 f5 33. Nd2 g6 34. gxh6 Bxh6 35. Nf3 Rb1 36. Ng5+ Bxg5 37. fxg5 Kg8 38. Qe5 Qh7 39. Qd6 Qd7 40. Qxc5 Rxe1 41. Rxe1 Rb7 42. Bf6 Qc7+ 43. Kg2 Qd7 44. Rf1 e5 45. Qxe5 f4 46. Rf3 Qe6 47. Qxe6+ Bxe6 48. Rxf4 Rb1 49. Rh4 Rc1 50. c3 Rd1 51. Rd4 Bf5 52. Rd8+ Kf7 53. d4 Rd2+ 54. Kg1 Bxh3 55. Ra8 Ke6 56. Rxa7 Rd3 57. Rc7 Kd6 58. Be5+ Ke6 1-0

[Event "Ricany op-A"]
[Site "Ricany"]
[Date "2006.08.28"]
[Round "5"]
[White "Mazoch, Jiri"]
[Black "Skacel, Jan"]
[Result "1-0"]
[WhiteElo "2090"]
[BlackElo "2109"]
[PlyCount "117"]
[EventDate "2006.08.24"]
[EventType "swiss"]
[EventRounds "9"]
[EventCountry "CZE"]
[SourceTitle "EXT 2007"]
[Source "ChessBase"]
[SourceDate "2006.11.23"]
[SourceVersion "1"]
[SourceVersionDate "2006.11.23"]
[SourceQuality "1"]

1. d4 Nf6 2. c4 g6 3. Nc3 Bg7 4. e4 d6 5. h3 0-0 6. Bg5 c5 7. d5 b5 8. cxb5 a6 9. a4 Nbd7 10. Nf3 Qa5 11. Bd2 Qb4 12. Qc2 axb5 13. Bxb5 Nb6 14. 0-0 Nfd7 15. Nd1 Qxb5 16. axb5 Rxa1 17. Ne3 Rxf1+ 18. Kxf1 Bb7 19. Bc3 Bxc3 20. Qxc3 f6 21. Nd2 Ra8 22. f4 Ra4 23. b3 Rb4 24. Nc2 Rxb5 25. Qa1 Nb8 26. Qa7 N6d7 27. Na3 Rb4 28. Qa5 f5 29. Qd8+ Kf7 30. Nc2 Rb6 31. Qh8 Nf8 32. exf5 Bxd5 33. Ne3 Bxb3 34. Ne4 Nbd7 35. Ng5+ Ke8 36. Nxh7 gxf5 37. Nxf8 Nxf8 38. Qh5+ Bf7 39. Qxf5 e6 40. Qd3 d5 41. Qa3 Nd7 42. g3 c4 43. f5 Rb3 44. Qa8+ Ke7 45. Kf2 Nf6 46. Qa7+ Kf8 47. fxe6 Bxe6 48. h4 Ne4+ 49. Kf3 c3 50. Kf4 c2 51. Nxc2 Rxg3 52. Nd4 Bf7 53. Nf5 Rg1 54. Qa8+ Be8 55. Qxd5 Rg4+ 56. Kf3 Bh5 57. Ke3 Nf6 58. Qd8+ Ne8 59. Qe7+ 1-0

[Event "Prague ProMoPro op"]
[Site "Prague"]
[Date "2005.09.17"]
[Round "3"]
[White "Mazoch, Jiri"]
[Black "Listopad, Martin"]
[Result "0-1"]
[WhiteElo "2111"]
[BlackElo "1979"]
[PlyCount "69"]
[EventDate "2005.09.15"]
[EventType "swiss"]
[EventRounds "9"]
[EventCountry "CZE"]
[SourceTitle "CBM 108 Extra"]
[Source "ChessBase"]
[SourceDate "2005.11.04"]
[SourceVersion "1"]
[SourceVersionDate "2005.11.04"]
[SourceQuality "1"]

1. d4 f5 2. Bg5 h6 3. Bh4 g5 4. Bg3 Nf6 5. e3 d6 6. Bd3 e6 7. h4 Bg7 8. Nd2 Nc6 9. c3 Qe7 10. hxg5 hxg5 11. Rxh8+ Bxh8 12. Nh3 g4 13. Nf4 Bd7 14. Ng6 Qh7 15. Nxh8 Qxh8 16. b4 Qh1+ 17. Bf1 Ne7 18. Qc2 Nh5 19. Bf4 Nxf4 20. exf4 Nd5 21. g3 a5 22. bxa5 Rxa5 23. c4 Ba4 24. Qb2 Ne7 25. Qc3 b6 26. Rb1 Kf7 27. Rb2 Qh8 28. Nb1 Qa8 29. Re2 Bd7 30. a3 b5 31. d5 bxc4 32. Bg2 Nxd5 33. Qxc4 Rc5 34. Qb3 Ba4 35. Bxd5 0-1

[Event "Prague ProMoPro op"]
[Site "Prague"]
[Date "2005.09.16"]
[Round "2"]
[White "Cernousek, Lukas"]
[Black "Mazoch, Jiri"]
[Result "1-0"]
[WhiteElo "2375"]
[BlackElo "2111"]
[PlyCount "55"]
[EventDate "2005.09.15"]
[EventType "swiss"]
[EventRounds "9"]
[EventCountry "CZE"]
[SourceTitle "CBM 108 Extra"]
[Source "ChessBase"]
[SourceDate "2005.11.04"]
[SourceVersion "1"]
[SourceVersionDate "2005.11.04"]
[SourceQuality "1"]

1. e4 c5 2. Nf3 d6 3. d4 cxd4 4. Nxd4 Nf6 5. Nc3 Nc6 6. Bg5 e6 7. Qd2 a6 8. 0-0-0 h6 9. Nxc6 bxc6 10. Bf4 d5 11. Qe3 Qa5 12. Be2 Bb4 13. Be5 dxe4 14. Qg3 Bxc3 15. Bc7 Bxb2+ 16. Kxb2 Qb4+ 17. Ka1 Nd5 18. Qxg7 Rf8 19. Be5 Qa3 20. c4 Bd7 21. cxd5 cxd5 22. Rc1 Bb5 23. Bb2 Qa5 24. Bc3 Qa3 25. Rb1 Bxe2 26. Bb4 Qa4 27. Qxf8+ Kd7 28. Qxa8 1-0